000
00283nam a2200109Ia 4500
008
171211s9999 xx 000 0 und d
245
_a
SolidWorks 2007 Bible
245
_c
Matt Lombard
260
_c
2007
650
_x
SOFTWARE
856
_u
http://down.ebook777.com/062/0470080132.pdf
999
_c
349335
_d
349335